| 000 | 00634nam a22001937a 4500 | ||
|---|---|---|---|
| 005 | 20170523110128.0 | ||
| 010 | _aENG-118291 | ||
| 020 |
_a9789350359358 _c295.00 |
||
| 035 | _aEN-101823 | ||
| 037 | _bDBAD/PUB | ||
| 082 | _a000 | ||
| 100 | _aDhaara | ||
| 245 |
_aDhaara's practice paper for SSC CGL combined graduate level tier-I :: _cfor online examination / |
||
| 260 |
_aGurgaon _bLexis Nexis _c2017 |
||
| 270 |
_a14th Floor, Building No. 10, Tower-B, DLF Cyber City Phase-II _bGurgaon _e122002 |
||
| 300 |
_a403p. : _c28cm(pbk) _bill |
||
| 490 | _aCatapult test prep series | ||
| 942 |
_2ddc _cEN _h000 _mDHA |
||
| 999 |
_c140274 _d140274 |
||